Biggest Cities in Maharashtra - Statistics

General Stats
  • This quiz has been taken 160 times
  • The average score is 6 of 10
Answer Stats
Population City % Correct
18,394,912 Mumbai
98%
5,057,709 Pune
98%
2,497,870 Nagpur
94%
1,561,809 Nashik
85%
951,558 Solapur
73%
1,193,167 Aurangabad
72%
647,057 Amravati
49%
1,222,390 Vasai-Virar
22%
576,642 Malegaon
14%
735,681 Bhiwandi
7%
No matching quizzes found
Score Distribution
Percent of People with Each Score
Percentile by Number Answered
Your Score History
You have not taken this quiz